Human rights violence and crimes (Record no. 149324)

MARC details
000 -LEADER
fixed length control field 00519nam a2200217Ia 4500
008 - FIXED-LENGTH DATA ELEMENTS--GENERAL INFORMATION
fixed length control field 210210b2012 xxu||||| |||| 00| 0 eng d
020 ## - INTERNATIONAL STANDARD BOOK NUMBER
International Standard Book Number 9788183875325
041 ## - LANGUAGE CODE
Language code of text/sound track or separate title eng
082 ## - DEWEY DECIMAL CLASSIFICATION NUMBER
Classification number 341.481 SINH
100 ## - MAIN ENTRY--PERSONAL NAME
Personal name SINGH (Awadhesh Kumar)
245 ## - TITLE STATEMENT
Title Human rights violence and crimes
260 ## - PUBLICATION, DISTRIBUTION, ETC.
Place of publication, distribution, etc. New Delhi
Name of publisher, distributor, etc. Serials Publications
Date of publication, distribution, etc. 2012
300 ## - PHYSICAL DESCRIPTION
Extent xii,280
650 ## - SUBJECT ADDED ENTRY--TOPICAL TERM
Topical term or geographic name entry element violence
650 ## - SUBJECT ADDED ENTRY--TOPICAL TERM
Topical term or geographic name entry element rights
650 ## - SUBJECT ADDED ENTRY--TOPICAL TERM
Topical term or geographic name entry element Human
650 ## - SUBJECT ADDED ENTRY--TOPICAL TERM
Topical term or geographic name entry element crimes
650 ## - SUBJECT ADDED ENTRY--TOPICAL TERM
Topical term or geographic name entry element and
690 ## - LOCAL SUBJECT ADDED ENTRY--TOPICAL TERM (OCLC, RLIN)
Topical term or geographic name as entry element Human Rights
906 ## - LOCAL DATA ELEMENT F, LDF (RLIN)
a 066870
Holdings
Withdrawn status Lost status Source of classification or shelving scheme Damaged status Not for loan Collection code Home library Current library Date acquired Source of acquisition Cost, normal purchase price Total Checkouts Full call number Barcode Date last seen Price effective from Koha item type
    Dewey Decimal Classification     Human Rights St Aloysius Library St Aloysius Library 02/17/2021 Prajwal Book Distributors, Bangalore-560061 1050.00   341.481 SINH 066870 02/17/2021 02/17/2021 Book